Growth disorders / (Record no. 118186)

MARC details
000 -LEADER
fixed length control field 00933cam a22003137a 4500
008 - FIXED-LENGTH DATA ELEMENTS--GENERAL INFORMATION
fixed length control field
020 ## - INTERNATIONAL STANDARD BOOK NUMBER
International Standard Book Number 9780340812402 (hbk.)
049 ## - LOCAL HOLDINGS (OCLC)
Holding library MAIN
090 ## - LOCALLY ASSIGNED LC-TYPE CALL NUMBER (OCLC); LOCAL CALL NUMBER (RLIN)
Classification number (OCLC) (R) ; Classification number, CALL (RLIN) (NR) RB140
Local cutter number (OCLC) ; Book number/undivided call number, CALL (RLIN) GRO
003 - CONTROL NUMBER IDENTIFIER
control field
005 - DATE AND TIME OF LATEST TRANSACTION
control field 20230120204146.0
040 ## - CATALOGING SOURCE
Transcribing agency NUST
245 00 - TITLE STATEMENT
Title Growth disorders /
Statement of responsibility, etc. Christopher J. H. Kelnar ... [et al.].
250 ## - EDITION STATEMENT
Edition statement 2nd ed.
260 ## - PUBLICATION, DISTRIBUTION, ETC.
Place of publication, distribution, etc. London :
Name of publisher, distributor, etc. Hodder Arnold,
Date of publication, distribution, etc. 2007.
300 ## - PHYSICAL DESCRIPTION
Extent xxi, 697 p., [8] p. of plates :
Other physical details ill. ;
Dimensions 28 cm.
500 ## - GENERAL NOTE
General note Includes index.
504 ## - BIBLIOGRAPHY, ETC. NOTE
Bibliography, etc. note Includes bibliographical references.
650 12 - SUBJECT ADDED ENTRY--TOPICAL TERM
Topical term or geographic name entry element Growth Disorders.
650 #0 - SUBJECT ADDED ENTRY--TOPICAL TERM
Topical term or geographic name entry element Growth disorders.
650 #0 - SUBJECT ADDED ENTRY--TOPICAL TERM
Topical term or geographic name entry element Growth disorders
General subdivision Pathophysiology.
650 #0 - SUBJECT ADDED ENTRY--TOPICAL TERM
Topical term or geographic name entry element Growth disorders
General subdivision Treatment.
700 1# - ADDED ENTRY--PERSONAL NAME
Personal name Kelnar, C. J. H.
700 ## - ADDED ENTRY--PERSONAL NAME
Personal name Savage, Martin O.
700 ## - ADDED ENTRY--PERSONAL NAME
Personal name Saenger, Paul.
700 ## - ADDED ENTRY--PERSONAL NAME
Personal name Cowell, Chris T.
907 ## - LOCAL DATA ELEMENT G, LDG (RLIN)
a .b10354141
b 29-01-15
c 27-01-15
942 ## - ADDED ENTRY ELEMENTS (KOHA)
Koha item type Ordinary Loan Books
Call number prefix RB140
Call number suffix GRO
Holdings
Date last seen Total Checkouts Full call number Barcode Cost, replacement price Price effective from Koha item type Lost status Source of classification or shelving scheme Damaged status Not for loan Collection Withdrawn status Home library Current library Shelving location Date acquired Cost, normal purchase price
01/20/2023   RB140 GRO 92004040411 80.00 01/20/2023 BOOKS   lcc     NFIC   MEDICAL MEDICAL GEN 01/20/2023 80.00